01214nam a2200217 i 450000100040000000500170000400800410002102000250006202000180008704000230010505000210012810000210014924500820017026000290025230000410028150500060032252005990032852100180092752100180094570000330096356820230616141354.0750107s1972 enka j 000 1 eng  a0416467008 :c£0.75 a9781405271967 aDLCcDLCdDLCbeng00aPZ10.3.T58bCat31 aTomlinson, Jill.14aThe cat who wanted to go home /cJill Tomlinson ; illustrated by Joanne Cole. aLondon :bEgmont.c2014. a79 pages. :billustrations ;c20 cm. aO aOne day, Suzy found a huge basket in a field. She climbed in, settled in the shade under a stool, and was soon fast asleep. When she woke up, the basket was in the sky! Suzy, the little French cat, has found herself in a hot-air balloon on its way to England! This is the start of Suzy's big adventure as she tries to make her way back home to France. In this beautifully illustrated picture book, Jill Tomlinson's heartwarming story has been carefully edited to retain all her gently humorous style, while Paul Howard's lovely pastel images perfectly capture the spirit of this absorbing tale. a670 bLexile aO bRaz-Plus1 aCole, Joanne,eillustrations